01110nam a2200253 a 450000100100000000500170001000800410002704000250006808200160009310000240010924000280013324500960016126000510025730000200030849000300032850000280035850000890038659000760047570000550055183000370060604900090064395201870065299900170083900003505220200930074055.0111024s1954 ag 000 0 spa d aDO-SdBNPbspacBNPHU axxxxbW422S1 aWeil, Simone96068910aLettre á un religieux10aCarta a un religioso.lEspañolcSimone Weil ; traducción de María Eugenia Valentié. aBuenos Aires :bEditorial Sudamericana,c1954. a63 p. ;c21 cm.1 aBiblioteca de filosofía aTraducido del francés aColección Biblioteca de filosofía dirigida por el profesor Juan Adolfo Vázquez aPerteneció a la biblioteca personal de Juan Isidro Jimenes Grullón.1 aValentié, María Eugenia Valentiéetr.960690 0aBiblioteca de filosofía960691 aBNGR 001050718MOaGRbGRcCTd2011-10-24iLF1l0oxxxx W422Sp35052-10r2020-06-25w2020-06-25y1zPerteneció a la biblioteca personal de Juan Isidro Jimenes -GrullónZNo se presta c34543d34543